000 00681nam a2200289Ia 4500
005 20260324122339.0
008 008 260324s9999 xx 000 0 eng d
020 _a9781315271521
037 _aEBOOK
040 _aCRL
040 _beng
040 _cCRL
041 _2eng
041 _aeng
084 _qCRL
100 _aBenjamin Z. Kedar; Jonathan Riley-Smith; Jonathan Phillips
_91158591
245 0 _aCrusades
245 0 _bVolume 12
260 _bTaylor and Francis
260 _c2013
365 _a
365 _b205
856 _uhttp://www.taylorfrancis.com/books/9781315271521
942 _cEBOOK
999 _c1758762
_d1758762